000 01464cam a2200433 a 4500
001 3165
003 FISKH
005 20240215094634.0
008 990414s1999 nyua b 000 1 eng
010 _a 99023493
020 _a0679990658 (lib. bdg.)
020 _a9780439137607
020 _a0679890653 (pbk)
040 _aDLC
_cDLC
_dDLC
_beng
042 _alcac
050 0 0 _aPZ7.O81167
_bTi 1999
082 0 0 _a[Fic]
_221
100 1 _aOsborne, Mary Pope.
245 1 0 _aTigers at twilight /
_cby Mary Pope Osborne ; illustrated by Sal Murdocca.
260 _aNew York :
_bScholastic,
_c1999.
300 _a72 pages :
_billustrations ;
_c20 cm
490 1 _aMagic tree house ;
_vBook 19
500 _a"A Stepping Stone book."
505 _aK
520 _aHaving used their magic tree house to travel to India, where they must get a gift to help free the dog Teddy from a spell, Jack and Annie have adventures involving a tiger and other endangered jungle animals.
521 8 _a510
_bLexile
521 8 _aK
_bRaz-Plus
650 1 _aDogs
_vFiction.
650 1 _aTiger
_vFiction.
650 1 _aJungle animals
_vFiction.
650 1 _aEndangered species
_vFiction.
650 1 _aSpace and time
_vFiction.
650 1 _aMagic
_vFiction.
650 1 _aTree houses
_vFiction.
651 1 _aIndia
_vFiction.
700 1 _aMurdocca, Sal,
_eillustrator
906 _a7
_bcbc
_corignew
_d1
_eocip
_f19
_gy-gencatlg
942 _2ddc
_cBK
_n0
999 _c3165
_d3165